000
00256nam a2200109Ia 4500
008
170627s9999 xx 000 0 und d
100
_a
MONIPALLY- MATHEW
245
4
_a
THE CRAFT OF BUSINESS LETTER WRITING
260
_b
TMH
260
_c
2005
546
_a
ENGLISH
690
_a
BUSINESS
999
_c
35339
_d
35339